RE 5 Halte - Statistiken

Allgemein
  • Dieses Quiz wurde 9 mal gespielt
  • Das Durchschnittsergebnis liegt bei 11 aus 30
Antwortstatistiken
Bundesland Stationsname % Korrekt
MV Rostock Hbf
100%
BE Berlin Hbf
88%
MV Stralsund Hbf
75%
BE Berlin Gesundbrunnen
63%
MV Güstrow
63%
MV Neubrandenburg
63%
BB Oranienburg
63%
BE Berlin Südkreuz
50%
MV Burg Stargard (Meckl)
50%
MV Demmin
50%
MV Neustrelitz Hbf
50%
MV Waren (Müritz)
50%
BE Berlin Potsdamer Platz
38%
BB Fürstenberg (Havel)
38%
BB Gransee
38%
BB Löwenberg (Mark)
38%
MV Altentreptow
25%
BB Dannenwalde (Gransee)
25%
MV Gnevkow
25%
MV Rakow
25%
MV Blankensee (Meckl)
13%
MV Cammin (Meckl)
13%
MV Elmenhorst
13%
MV Grimmen
13%
MV Kratzeburg
13%
MV Langhagen
13%
MV Sternfeld
13%
MV Utzedel
13%
MV Wittenhagen
13%
MV Zarrendorf
13%
Keine übereinstimmenden Quizze gefunden
Verteilung der Resultate
Anzahl Personen mit jedem Resultat
Perzentil nach korrekt beantworteten Fragen
Ihre Resultats-Entwicklung
Sie haben dieses Quiz noch nicht gespielt